00330 a2200133 450000100060000002000150000604000220002110000440004324000410008724500360012830000080016436200090017265000150018161582 a8531408989 cAnchieta - Pituba aMuseums, Libraries and Archives Council10aConservação de coleçõeslpor10aConservação de coleções a2240 a2005 4aMuseologia